Un modelo propuesto del comportamiento del consumidor de bienes durables (Registro nro. 22809)

Detalles MARC
000 -LEADER
fixed length control field 00349 a2200109 4500
001 - CONTROL NUMBER
control field ART_6690
005 - DATE AND TIME OF LATEST TRANSACTION
control field 20260410161826.0
008 - FIXED-LENGTH DATA ELEMENTS--GENERAL INFORMATION
fixed length control field 260409a
100 1# - MAIN ENTRY--PERSONAL NAME
Personal name Morettini, Mariano
245 10 - TITLE STATEMENT
Title Un modelo propuesto del comportamiento del consumidor de bienes durables
773 0# - HOST ITEM ENTRY
Title FACES
Related parts - Año 12, Nº 27 (sep./dic. 2006)
Record control number REV5046

No hay ítems disponibles.